| 000 | 00440nam a22001697a 4500 | ||
|---|---|---|---|
| 003 | NUST - PNEC | ||
| 005 | 20170116181142.0 | ||
| 008 | 151008b xxu||||| |||| 00| 0 eng d | ||
| 020 | _a0540073407 | ||
| 040 | _cLIBRARY | ||
| 082 | _a621.400246238 BEN | ||
| 100 |
_914766 _aBennett, J. V |
||
| 245 |
_aHeat engines : _bquestions and answers _cJ. V Bennett |
||
| 260 | _cc1975 | ||
| 650 |
_912120 _aMarine engines _xME |
||
| 942 |
_2ddc _cBK |
||
| 999 |
_c70547 _d70547 |
||